Statistiken für Länder mit Braunbären

Klicken Sie hier um das Quiz zu spielen!

Allgemein

  • Dieses Quiz wurde 81 mal gespielt
  • Das Durchschnittsergebnis liegt bei 43 aus 49

Antwortstatistiken

LänderUnterarten% Korrekt
KanadaU. arctos horribilis
97%
Vereinigte Staaten U. arctos horribilis, U. arctos middendorffi, U. arctos sitkensis
97%
RusslandU. arctos arctos, U. arctos beringianus, U. arctos collaris, U. arctos lasiotus
96%
SchwedenU. arctos arctos
96%
ChinaU. arctos isabellinus, U. arctos collaris, U. arctos lasiotus
94%
FinnlandU. arctos arctos
94%
NorwegenU. arctos arctos
94%
PolenU. arctos arctos
94%
AlbanienU. arctos arctos
92%
EstlandU. arctos arctos
92%
IndienU. arctos isabellinus
92%
ItalienU. arctos arctos
92%
LettlandU. arctos arctos
92%
RumänienU. arctos arctos
92%
UkraineU. arctos arctos
92%
KasachstanU. arctos arctos, U. arctos isabellinus, U. arctos collaris
90%
GeorgienU. arctos syriacus
89%
MongoleiU. arctos collaris
89%
SlowakeiU. arctos arctos
89%
SlowenienU. arctos arctos
89%
TürkeiU. arctos arctos, U. arctos syriacus
89%
UsbekistanU. arctos isabellinus
89%
WeißrusslandU. arctos arctos
89%
ArmenienU. arctos syriacus
87%
AserbaidschanU. arctos syriacus
87%
BulgarienU. arctos arctos
87%
FrankreichU. arctos arctos
87%
GriechenlandU. arctos arctos
87%
NordmazedonienU. arctos arctos
87%
PakistanU. arctos isabellinus, U. arctos syriacus
87%
SerbienU. arctos arctos
87%
TurkmenistanU. arctos syriacus
87%
AfghanistanU. arctos isabellinus
86%
IranU. arctos syriacus
86%
KroatienU. arctos arctos
86%
SpanienU. arctos arctos
86%
MontenegroU. arctos arctos
85%
ÖsterreichU. arctos arctos
85%
SchweizU. arctos arctos
85%
Bosnien und HerzegowinaU. arctos arctos
83%
IrakU. arctos syriacus
83%
KosovoU. arctos arctos
83%
TadschikistanU. arctos isabellinus
83%
KirgisistanU. arctos isabellinus
82%
JapanU. arctos lasiotus
77%
NepalU. arctos isabellinus
77%
NordkoreaU. arctos lasiotus
76%
AndorraU. arctos arctos
69%
BhutanU. arctos isabellinus
68%

Verteilung der Resultate

Perzentil nach korrekt beantworteten Fragen

Anzahl Personen mit jedem Resultat

Ihre Resultats-Entwicklung

Sie haben dieses Quiz noch nicht gespielt